000 00507nam a22001817a 4500
003 OSt
005 20240716120613.0
008 240716b |||||||| |||| 00| 0 eng d
020 _a9780534528614
040 _cMUST
082 _a301 ANA 2006
100 _aJohn Lofland ...[ et al]
_918756
245 _aAnalysing Social settings
_bA guide to Qualitative Observation and Analysis
300 _axvii, 282p.
_bill.
_c23cm.
504 _areferences and indexes
650 _2Economics
942 _2ddc
_cO_SHELF
999 _c9193
_d9193